00822nam a2200205 a 450000100100000000500170001000800410002702000180006804000250008608200150011110000260012624000790015224501370023126000640036830000380043249000440047050000340051470000240054883000440057200004651820201002052929.0150821s2015 dr d r 000 0 spa d a9789945897616 aDO-SdBNPbspacBNPHU axxxxbxxxx1 aAmeringer, Charles D.10aThe Caribbean Legion:patriots, politicians, soldiers of fortune, 1946-195013aLa legión del Caribe :bpatriotas, políticos y mercenarios, 1946-1950 /cCharles D. Ameringer ; traducción Rosario Flores Paz. aSanto Domingo :bAcademia Dominicana de la Historia,c2015. a263 p. :bil., gráfs. ;c23 cm.1 aAcademia Dominicana de la Historiav124 aIncluye índice onomástico12aFlores Paz, Rosario 0aAcademia Dominicana de la Historian124